Normal view
MARC view
- Industrial Motor control
Entry Topical Term
001 - CONTROL NUMBER
- control field: 110403
003 - CONTROL NUMBER IDENTIFIER
- control field: NUST
005 - DATE AND TIME OF LATEST TRANSACTION
- control field: 20230316120815.0
008 - FIXED-LENGTH DATA ELEMENTS
- fixed length control field: 230316|| aca||aabn | a|a d
040 ## - CATALOGING SOURCE
- Original cataloging agency: NUST
- Transcribing agency: NUST
150 ## - HEADING--TOPICAL TERM
- Topical term or geographic name entry element: Industrial Motor control
670 ## - SOURCE DATA FOUND
- Source citation: Work cat.: (NUST)183551: Drake, C.W 110402, Industrial Motor Applications /, 1952
